1918 1282 1219 1992 1029 1517 1304 1647 1846 1224 1742 1843 1462 1240 1148 1706 1225 1074 1956 1775 1897 1298 1076 1722 1541 1584 1152 1470 1737 1617 1927 1952 1310 1597 1092 1250 1663 1189 1494 1660 1858 1317 1671 1624 1498 1292 1564 1576 1270 1139 1545 1351 1938 1947 1452 1466 1851 1319 1571 1930 1184 1492 1466 1622 1241 1097 1151 1994 1990 1521 1546 1750 1771 1919 1012 1409 1069 1945 1971 1270 1328 1998 1817 1570 1931 1247 1078 1874 1066 1190 1639 1275 1501 1243 1787 1683 1883 1595 1672 BCNSPRNW ULIB Ver.6.0+V

เปลี่ยนเป็นภาษาไทย

Change to English
 แสดงรายละเอียดบรรณานุกรม
  กลับหน้าหลัก

Brief Record : Get Marc (ISO 2709) : E-mail record : QR code < ปิดหน้าต่าง
LEADER : 00000nam 2200000uu 4500
001    13399123652
003     ULIB
008    141103s2556||||th 000 0 tha d
020    ^a9786163351197
060    ^aWC515^bป418ร
100    ^aประเสริฐ ทองเจริญ
245    ^aระบาดบันลือโลก 20 : ไข้หวัดใหญ่/ไข้หวัดนก /^cประเสริฐ ทองเจริญ
246 0  Word-Sharking Outbreaks
250    ^aพิมพ์ครั้งที่ 1
260    ^aกรุงเทพฯ :^bอักษรสมัย(๑๙๙๙),^c2556
300    ^a245 หน้า;^b18.5 ซม.
650    ^aไข้หวัดใหญ่
650    ^aไข้หวัดนก
945    ^p200^l0^i036507
945    ^p200^l0^i036508
945    ^p200^l0^i036509
945    ^p200^l0^i036510
945    ^p200^l0^i036511
999    ^aเกษร โพธิ์สุวรรณ
รายการนี้ยังไม่มีแท็ก
คุณยังไม่ได้ล็อกอิน คุณสามารถมีกิจกรรมร่วมกับเว็บไซต์ได้ แต่ต้องล็อกอินก่อน ::
  ล็อกอิน

รายการสื่อสารสนเทศ

ลำดับที่ ประเภท เลขเรียก/บาร์โค้ด สถานที่ สถานะ
1. วิทยาศาสตร์การแพทย์ และสุขภาพ
หนังสือสำรอง
สถานะ=หนังสือสำรอง
WC515 ป418ร ฉ.1 
  Barcode: 036507
ห้องสมุดวิทยาเขตสวรรค์ประชารักษ์
►ส่วนจัดเก็บหนังสือเก่า สปร
บนชั้น
  ขอยืม
2. วิทยาศาสตร์การแพทย์ และสุขภาพ
วิทยาศาสตร์การแพทย์ และสุขภาพ
WC515 ป418ร ฉ.2 
  Barcode: 036508
ห้องสมุดวิทยาเขตสวรรค์ประชารักษ์
►ส่วนจัดเก็บหนังสือเก่า สปร
บนชั้น
  ขอยืม
3. วิทยาศาสตร์การแพทย์ และสุขภาพ
วิทยาศาสตร์การแพทย์ และสุขภาพ
WC515 ป418ร ฉ.3 
  Barcode: 036509
ห้องสมุดวิทยาเขตสวรรค์ประชารักษ์
►ส่วนจัดเก็บหนังสือเก่า สปร
บนชั้น
  ขอยืม
4. วิทยาศาสตร์การแพทย์ และสุขภาพ
วิทยาศาสตร์การแพทย์ และสุขภาพ
WC515 ป418ร ฉ.4 
  Barcode: 036510
ห้องสมุดวิทยาเขตสวรรค์ประชารักษ์
►ส่วนจัดเก็บหนังสือเก่า สปร
บนชั้น
  ขอยืม
5. วิทยาศาสตร์การแพทย์ และสุขภาพ
วิทยาศาสตร์การแพทย์ และสุขภาพ
WC515 ป418ร ฉ.5 
  Barcode: 036511
ห้องสมุดวิทยาเขตสวรรค์ประชารักษ์
►ส่วนจัดเก็บหนังสือเก่า สปร
บนชั้น
  ขอยืม

รายการใกล้เคียง
    ผู้แต่ง [ประเสริฐ ทองเจริญ]

    หัวเรื่อง [ไข้หวัดใหญ่]
    หัวเรื่อง [ไข้หวัดนก]

BibComment


ยังไม่เคยถูกคอมเมนท์

คอมเมนท์ทรัพยากรรายการนี้
  คอมเมนท์: ระบาดบันลือโลก 2..


 Copyright 2026. Bcnsprnw @Library